Responses for Show #1343 - Wednesday, June 6, 1990

Contestants

Paul Thomas, a law student from San Francisco, California

Anne Kanter, a homemaker from McLean, Virginia

Mary Jane Wright, an administrator originally from Lima, Ohio (whose 1-day cash winnings total $12,201)

[next game >>]

Jeopardy! Round responses

"HORSE"PLAY
ANCIENT ROME
THE BEATLES
FOOD FACTS
WEAPONS
IN THE BOOKSTORE
    $100 13
horseradish

Paul
    $100 24
emperors

Anne
    $100 1
John Lennon

Paul
    $100 5
ham

Paul
    $100 16
artillery

Mary
    $100 23
Betty Ford

Anne
    $200 12
"A Horse with No Name"

Mary
    $200 25
Colosseum

Paul
    $200 2
A Hard Day's Night

Mary
    $200 7
crumpets

Mary
    $200 17
rockets

Anne
    $200 15
(Leona) Helmsley

Anne
    $300 6
horseshoe crab

Anne
    $300 28
baths

Mary
    $300 3
a ticket to ride

Mary
    $300 8
rabbit

Mary
    $300 18
(Alex: * corporal, right.)

lance

Anne
    $500 14
Winnie Mandela

Paul
    $400 29
pale horse

Mary
    $400 27
plebiscite

Paul
    $400 4
Ringo Starr

Anne
    $400 9
Brussels sprouts

Mary
    $400 19
saber

Mary
    $400 21
(Anne: Who is Paul Simon?)

Art Garfunkel

MaryAnne
    $500 30
Iron Horse

Triple Stumper
    $500 26
Vestal Virgins

Paul
    $500 11
follow the sun

Paul
    $500 10
sausages

Mary
    $500 20
arrow

Mary
    $500 22
(Paul: Who is John Walters? *?)
(Alex: You corrected yourself in time.)

John Waters

Paul

Scores at the first commercial break (after clue 14):

Mary Anne Paul
$2,100 $700 $1,300

Scores at the end of the Jeopardy! Round:

Mary Anne Paul
$4,200 $1,200 $2,900

Double Jeopardy! Round responses

POETRY
AFRICA
THE CABINET
THEATER
HISTORIC NAMES
ART
    $200 6
Wall

Mary
    $200 1
tea

Paul
    $200 26
Secretary of State

Anne
    $200 11
Winter

Anne
    $200 25
John Hancock

Anne
    $200 20
Impressionism

Paul
    $400 7
snow

Triple Stumper
    $400 5
Haile Selassie

Anne
    $400 27
Sam Pierce

Anne
    $400 12
Equus

Anne
    $400 23
Blackbeard

Mary
    $400 19
Cubism

Paul
    $600 8
one

Anne
    $600 2
Boers

Paul
    $600 28
Department of Defense

Anne
    $600 13
Chicago

Mary
    $600 21
(Mary: Who is Byrd?)

(Roald) Amundsen

MaryAnne
    $600 15
(Frederic) Remington

Anne
    $800 9
tarot

Anne
    $800 4
Arabic

Paul
    $4,000 29
Secretary of Transportation & Secretary of Labor

Anne
    $800 14
Liza Minnelli

Paul
    $800 22
DeWitt Clinton

Paul
    $800 16
(Paul: What is "Liberty Leading the Revolution?")

Liberty Leading the People

Paul
Triple Stumper
    $1000 10
hope

Mary
    $1000 3
Kampala

Paul
    $1000 30
Jimmy Carter

Paul
    $1000 18
(Maurice) Sendak

Paul
    $1000 24
Galen

Triple Stumper
    $2,000 17
(Anne: Who is Andy Warhol?)

Roy Lichtenstein

Anne

Scores at the end of the Double Jeopardy! Round:

Mary Anne Paul
$5,800 $8,200 $8,900

[wagering suggestions for these scores]

Final Jeopardy! Round responses

LANDMARKS
MaryWhat is Plymouth Rock?
$4,200
AnneWhat is Plymouth Rock?
$8,200
PaulWhat is the Liberty Bell
$8,850
Plymouth Rock

Final scores:

Mary Anne Paul
$10,000 $16,400 $50
2nd place: CSR 286 computer & Franklin Language Master New champion: $16,400 3rd place: Panasonic stereo monitor & receiver + Nintendo Entertainment System with Family & Junior versions of Jeopardy! + Wheel of Fortunte

Game dynamics:

Coryat scores:

Mary Anne Paul
$5,800 $7,000 $8,700
17 R,
1 W
19 R
(including 1 DD),
2 W
(including 1 DD)
19 R
(including 1 DD),
1 W

Combined Coryat: $21,500

[game clues] [game scores] [suggest correction]

Game tape date: 1990-01-30
The J! Archive is created by fans, for fans. Scraping, republication, monetization, and malicious use prohibited; this site may use cookies and collect identifying information. See terms. The Jeopardy! game show and all elements thereof, including but not limited to copyright and trademark thereto, are the property of Jeopardy Productions, Inc. and are protected under law. This website is not affiliated with, sponsored by, or operated by Jeopardy Productions, Inc. Join the discussion at JBoard.tv.